| 000 | 00786nam a2200265Ia 4500 | ||
|---|---|---|---|
| 003 | OSt | ||
| 005 | 20221005081049.0 | ||
| 006 | a|||||r|||| 00| 0 | ||
| 007 | ta | ||
| 008 | 221004b |||||||| |||| 00| 0 eng d | ||
| 020 |
_a9788192228457 (hbk) _c1795 |
||
| 024 | _a9667 | ||
| 037 |
_bVMB/13-14/286, 26/02/2014, Vardhman Books _cTextual |
||
| 040 |
_aCRL _cCRL _beng |
||
| 041 |
_2eng _aeng |
||
| 082 | _aS, Q4 | ||
| 100 | _aChadha N K | ||
| 245 | 0 |
_aPsychological realm _b An introduction |
|
| 260 |
_aNew Delhi _bPinnacle Learning India _c2014 |
||
| 300 |
_axvi,828p. _ccm. |
||
| 650 | _aPSYCHOLOGY | ||
| 700 |
_a Seth Salma _9433308 |
||
| 942 |
_hS, Q4 _cTEXL _2cc |
||
| 999 |
_c987131 _d987131 |
||